000 nam a22 a 4500
999 _c3482
_d3482
005 20170523093029.0
008 170523b2007 xxu||||| |||| 00| 0 eng d
020 _a9780787984915 (alk. paper)
020 _a9780787984922 (paperback)
040 _aAKMAL
082 _a658.4092 KOU
090 _a658.4092
_bKOU
245 _aThe Leadership Challenge /
_cKouzes & Posner
250 _a4th ed.
260 _aSan Francisco
_bJohn Wiley & Sons
_c2007
300 _a389 p.
_ccm
942 _2ddc
_cBOOK